| 000 | 01909nam a2200337 a 4500 | ||
|---|---|---|---|
| 999 |
_c1500 _d1500 |
||
| 001 | 1419052 | ||
| 003 | CoMeUDC | ||
| 005 | 20220223115948.0 | ||
| 008 | 131030s2013 ck gr 000100spa d | ||
| 015 | _ack-2013-xxxx | ||
| 020 | _a9789588757445 | ||
| 040 |
_aCO-BoBLA _bspa _cCO-UdeC |
||
| 041 | 0 | _aspa | |
| 043 | _as-ck--- | ||
| 082 | 0 | 4 |
_a347.05 _bE74 |
| 100 |
_aEscobar Vélez, Edgar Guillermo _91791 |
||
| 245 | 1 | 4 |
_aLos procesos de ejecución teórico-práctico : _bciviles, comerciales, agrarios, familiares (alimentarios), laborales, administrativos, arbitrales : adecuado con la Ley 1564 de 2012, sistema oral, por audiencias, modelos prácticos / _cEdgar Guillermo Escobar Vélez. |
| 250 | _a4a. ed. | ||
| 260 |
_aMedellín : _bLibrería Jurídica Sánchez R., _c2013. |
||
| 300 |
_a357 p. ; _c24 cm. |
||
| 504 | _aIncluye bibliografía | ||
| 505 | _aGeneralidades -- Breve reseña histórica -- El título ejecutivo -- "Diligencias previas" -- Especies o tipos de ejecución -- Trámite del proceso ejecutivo -- Medidas cautelares -- "Proceso ejecutivo" (mejor, incidente) respecto de obligaciones de garantía (cauciones) -- El proceso ejecutivo de mínima cuantía -- "Proceso ejecutivo" con título hipotecario o prendario -- Procesos ejecutivos relacionados con obligaciones agrarias -- Procesos ejecutivos relacionados con obligaciones alimentarias -- Proceso ejecutivo para el cobro de obligaciones laborales -- Proceso ejecutivo para el cobro de obligaciones administrativas o estatales -- Proceso ejecutivo para el cobro de laudos arbitrales. | ||
| 630 | 0 | 4 | _aLey 1564 de 2012. |
| 650 | 4 |
_aProcesos (Derecho) _z Colombia. |
|
| 650 | 0 |
_aProceso ejecutivo _91793 |
|
| 650 | 0 |
_aEjecución _z Colombia. _91792 |
|
| 650 |
_aProcedimiento civil _z Colombia. |
||
| 650 | 4 |
_aProcesos (Derecho civil) _z Colombia. |
|
| 650 | 0 |
_aLegislación colombiana _91769 |
|
| 942 |
_2ddc _cBK |
||